I capture the castle / (Record no. 9547)
[ view plain ]
| 000 -LEADER | |
|---|---|
| fixed length control field | 00587nam a2200217ui 4500 |
| 001 - CONTROL NUMBER | |
| control field | 022693388 |
| 003 - CONTROL NUMBER IDENTIFIER | |
| control field | UkOxU |
| 005 - DATE AND TIME OF LATEST TRANSACTION | |
| control field | 20230411163049.0 |
| 008 - FIXED-LENGTH DATA ELEMENTS--GENERAL INFORMATION | |
| fixed length control field | 211029s2021 enk|||| | |||| ||eng d |
| 020 ## - INTERNATIONAL STANDARD BOOK NUMBER | |
| International Standard Book Number | 9781784877453 (pbk.) |
| 035 ## - SYSTEM CONTROL NUMBER | |
| System control number | (StEdALDL)1/4097864 |
| 040 ## - CATALOGING SOURCE | |
| Original cataloging agency | StEdALDL |
| Language of cataloging | eng |
| Description conventions | rda |
| Transcribing agency | StEdALDL |
| 049 ## - LOCAL HOLDINGS (OCLC) | |
| Holding library | CROBAR |
| 245 00 - TITLE STATEMENT | |
| Title | I capture the castle / |
| Statement of responsibility, etc. | Dodie Smith. |
| 264 #1 - PRODUCTION, PUBLICATION, DISTRIBUTION, MANUFACTURE, AND COPYRIGHT NOTICE | |
| Place of production, publication, distribution, manufacture | London : |
| Name of producer, publisher, distributor, manufacturer | Vintage, |
| Date of production, publication, distribution, manufacture, or copyright notice | 2021. |
| 336 ## - CONTENT TYPE | |
| Content type term | text |
| Source | rdacontent. |
| 337 ## - MEDIA TYPE | |
| Media type term | unmediated |
| Source | rdamedia. |
| 338 ## - CARRIER TYPE | |
| Carrier type term | volume |
| Source | rdacarrier. |
| 942 ## - ADDED ENTRY ELEMENTS (KOHA) | |
| Source of classification or shelving scheme | Dewey Decimal Classification |
| Koha item type | Fiction |
| Withdrawn status | Lost status | Source of classification or shelving scheme | Damaged status | Not for loan | Collection code | Home library | Current library | Shelving location | Date acquired | Serial Enumeration / chronology | Total Checkouts | Total Renewals | Full call number | Barcode | Date last seen | Date last checked out | Price effective from | Koha item type |
|---|---|---|---|---|---|---|---|---|---|---|---|---|---|---|---|---|---|---|
| Dewey Decimal Classification | Fiction | RTC Library | RTC Library | Fiction | 11/04/2023 | 177394 | 3 | 1 | FIC 813.54 SMI | 30018032 | 25/02/2026 | 30/09/2025 | 11/04/2023 | Fiction |